| 000 | 00598nam a2200181 4500 | ||
|---|---|---|---|
| 999 |
_c164255 _d164255 |
||
| 005 | 20190514165457.0 | ||
| 010 | _aENG-125184 | ||
| 020 |
_a9788193422021 _c395.00 |
||
| 035 | _aEN-108716 | ||
| 037 | _bDBAD/PUB | ||
| 082 | _a808.88 | ||
| 100 | _aMinhas, Kulwinder Kaur | ||
| 245 |
_aFlavor of love: _bGod is love, Love is God/ _cby Kulwinder Kaur Minhas |
||
| 260 |
_aLudhiana _bLahore Books Shop _c2017 |
||
| 270 |
_a2, Lajpat Rai Market, Near Society Cinema _bLudhiana _e141008 _mlahorebookshop40@rediffmail.com |
||
| 300 |
_a184p. _c22cm(Hb) |
||
| 942 |
_2ddc _cEN _h808.88 _mKUL |
||